| 000 | 00778nam a2200217 a 4500 | ||
|---|---|---|---|
| 999 |
_c8153 _d8153 |
||
| 001 | 8153 | ||
| 003 | BD-JhCC | ||
| 005 | 20180219084655.0 | ||
| 008 | 180219s1997 bg |||| ||a| 000 0 ben d | ||
| 035 | _a(BD-JhCC)8153 | ||
| 040 |
_aBD-JhCC _dBD-JhCC |
||
| 041 | _aben | ||
| 082 |
_a891.442 _bNAT 1997 |
||
| 245 |
_aনাটক : তত্ত্ব ও শিল্পরূপ / _cরামেন্দ্র মজুমদার (সম্পাদিত) |
||
| 260 |
_aঢাকা : _bসোসাইটি ফর এডুকেশান ইন থিয়েটার, _c1997 |
||
| 300 |
_a186 p. : _c22 cm. |
||
| 650 | _aBengali Drama | ||
| 700 | _aমজুমদার, রামেন্দ্র (সম্পাদিত) | ||
| 942 |
_2ddc _cBK |
||